Villes des régions Pokémon de Johto et Kanto sur la carte - Statistiques

Statistiques générales
  • Ce quiz a été pris 618 fois
  • Le résultat moyen est 34 sur 48
Réponses sur la Carte
Les réponses sont colorées sur une échelle allant du rouge au vert en fonction du pourcentage des utilisateurs qui les ont devinées à leur premier essai. Vous pouvez retrouver ces pourcentages ci-dessous.
 
Statistiques - réponses
Réponse % Correct
Bourg Geon
85%
Bourg Palette
85%
Doublonville
83%
Lac Colère
83%
Argenta
82%
Azuria
80%
Lavanville
80%
Jadielle
79%
Cramois'île
78%
Carmin sur Mer
77%
Mauville
77%
Oliville
77%
Plateau Indigo
77%
Puits Ramoloss
77%
Mont Argenté
76%
Phare d'Oliville
76%
Ecorcia
75%
Tour Chétiflor
75%
Bois aux Chênes
74%
Céladopole
74%
Acajou
73%
Antre du Dragon
73%
Irisia
73%
Ville Griotte
73%
Forêt de Jade
72%
Îles Écume
72%
Rosalia
72%
Ébènelle
71%
Route Victoire
71%
Ruines d'Alpha
71%
Parmanie
70%
Tourb'Îles
70%
Tour Carillon
70%
Tour Cendrée
69%
Caverne Azurée
68%
Cave Taupiqueur
67%
Safrania
66%
Chutes Tohjo
65%
Mont Sélénite
61%
Antre Noir
59%
Centrale
58%
Parc Naturel
56%
Parc Safari
53%
Zone de Combat
51%
Grotte
50%
Mont Creuset
46%
Caves Jumelles
43%
Parc des Amis
42%
Aucun quiz correspondant
Distribution des résultats
% des personnes avec chaque résultat
Percentile par nombre de réponses
Votre historique - résultats
Vous n’avez pas pris ce quiz